demonlist geometry dash - Statistiques

Statistiques générales
  • Ce quiz a été pris 243 fois
  • Le résultat moyen est 22 sur 150
Statistiques - réponses
# Réponse % Correct
1 tidal wave
93%
3 acheron
82%
4 silent clubstep
79%
93 silent club
76%
7 slaughterhouse
73%
2 avernus
71%
102 bloodlust
66%
6 kyouki
54%
8 sakupen circles
53%
48 zodiac
53%
35 tartarus
51%
15 limbo
49%
11 firework
48%
5 abyss of darkness
47%
38 the golden
47%
10 kocmoc
45%
31 sonic wave infinity
41%
9 tunnel of despair
38%
26 walter white
35%
14 deimos
29%
116 deimos
28%
141 the yandere
28%
16 poocubed
27%
52 kenos
26%
23 codependence
25%
106 jesse pinkman
23%
12 minusdry
23%
17 saul goodman
23%
19 solar flare
23%
60 thinking space
23%
65 crimson planet
21%
21 the hallucination
21%
96 congregation
20%
29 arcturus
19%
49 hard machine
19%
22 edge of destiny
18%
13 the lightning rod
18%
82 atomic cannon mk ii
16%
63 cold sweat
16%
18 eyes in the water
16%
144 plasma pulse final
15%
80 rust
15%
39 verdant landscape
15%
28 deadlier clubstep
14%
37 oblivion
14%
27 unknown
14%
72 cognition
13%
145 gustavo fring
13%
42 delta
12%
135 kowareta
12%
24 mayhem
12%
88 ragnarok
12%
66 renevant
12%
76 sary never clear
12%
120 sigma
12%
20 belladonna
11%
73 cosmic cyclone
11%
132 ouroboros
11%
119 atomic cannon
10%
32 saryyx never clear
10%
44 trueffet
10%
25 combustion
9%
54 fragile
9%
53 keres
9%
69 calculator core
8%
47 critical heat
8%
103 fog
8%
36 jigsaw
8%
126 nhelv
8%
95 omega interface
8%
50 terminal rampancy
8%
142 arctic lights
7%
146 frozen cave
7%
59 lotus flower
7%
34 midnight
7%
57 neutra
7%
41 shukketsu
7%
30 sinister silence
7%
101 the art of the blade
7%
45 aerial gleam
6%
40 atomic cannon mkiii
6%
148 chroma finale
6%
43 climax
6%
67 conclusion
6%
56 crackhead circles
6%
51 esfera
6%
46 network
6%
108 no jokes
6%
61 qoueo
6%
68 sky shredder
6%
62 superhatemeworld
6%
128 cicatrize
5%
110 citra
5%
104 coral cave
5%
33 damascus
5%
55 frost spirit
5%
79 lucid nightmares
5%
134 ourwa
5%
97 pandemonium
5%
58 promethean
5%
85 ruthless
5%
70 shimmer
5%
98 the rupture
5%
90 torn
5%
109 twilight
5%
138 visible ray
5%
115 aronia
4%
105 asterios
4%
150 repentless
4%
84 akashic records
3%
123 atmos
3%
71 direction
3%
137 dump
3%
89 escape room
3%
131 farthest outpost
3%
136 friday
3%
113 gracefully
3%
87 horros
3%
99 jupiter my favourite
3%
100 kappa
3%
122 knight of thunder
3%
91 me when machine gang
3%
118 moving forward
3%
130 sand sailor
3%
111 sazerix
3%
78 scream machine
3%
107 terminux
3%
74 trotil
3%
64 widestep
3%
75 amalgam
2%
114 awedsy
2%
133 connect
2%
81 corrodere
2%
94 descente into exile
2%
129 dsink
2%
77 instinct
2%
92 launchpad labyrinth
2%
117 pagoda
2%
124 ploink
2%
86 sides of my mind
2%
143 worstbrainmap
2%
112 barbarosfinalefinale
1%
139 excruciation chamber
1%
147 fragmented
1%
125 ithacropolix
1%
121 neon skyline
1%
83 shardescapes
1%
149 szyslak
1%
140 the devon
1%
127 untitled umastered
1%
Aucun quiz correspondant
Distribution des résultats
% des personnes avec chaque résultat
Percentile par nombre de réponses
Votre historique - résultats
Vous n’avez pas pris ce quiz